000 00990nam a2200301Ia 4500
001 8656
003 IT-RoPAU
008 130308s9999 xx 000 0 und d
040 _aIT-RoPAU
040 _cIT-RoPAU
041 _aFRANCESE
100 _aFonagy Ivan
100 _gCodice Aut. SPICS: 6552
245 _aStructure semantique des constructions possessives (La)
245 _bLangue, Discours, Societe'-Pour Emile Benveniste
250 _a1a ed.
260 _aPARIS
260 _bSeuil
260 _c1975 [1° Ed.:1975 - Ed.Ling.Originale:1975]
300 _a"41 p. (prefazione: no ; testo: 41 [pagine: 44-84])"
500 _aStruttura Semantica delle costruzioni possessive Polisemia delle strutture possessive costruzioni possessive e Operazioni logiche Struttura Semantica e Processo Primario Struttura Semantica ed Evoluzione
650 _aLINGUISTICA
650 _eCodice materia Spics: 3201
942 _cBK
957 _71
999 _c39566
_d39566
999 _bSI
999 _g1